Guía de profesores de historia de América en universidades iberoamericanas /

Listado de los profesores que se dedican a la enseñanza de la historia de América en universidades de Latinoamérica.

Furkejuvvon:
Bibliográfalaš dieđut
Váldodahkki: Morales Padrón, Francisco (autor)
Materiálatiipa: Girji
Giella:espánnjágiella
Almmustuhtton: Sevilla, España : Escuela de Estudios Hispanoamericanos de Sevilla, 1971, c1971
Ráidu:(Publicaciones de la Escuela de Estudios Hispano-Americanos de Sevilla) [s.n.]
Fáttát:
Fáddágilkorat: Lasit fáddágilkoriid
Eai fáddágilkorat, Lasit vuosttaš fáddágilkora!

MARC

LEADER 00000nam^a2200000^a^4500
001 000131834
005 20250521000000.0
009 20260310095037.263
037 |a Acervo ITESO - Biblioteca 
041 |a ESP 
082 |a 980. 007  |b MOR 
100 |a Morales Padrón, Francisco  |e (autor) 
245 1 0 |a Guía de profesores de historia de América en universidades iberoamericanas /  |c F. Morales Padrón. 
264 4 |a Sevilla, España :  |b Escuela de Estudios Hispanoamericanos de Sevilla,  |c 1971, c1971 
300 |a 35 p. 
336 |a texto  |b txt  |2 rdacontenido 
337 |a sin mediación  |b n  |2 rdamedio 
338 |a volumen  |b nc  |2 rdasoporte 
440 1 |a (Publicaciones de la Escuela de Estudios Hispano-Americanos de Sevilla) [s.n.] 
520 |a Listado de los profesores que se dedican a la enseñanza de la historia de América en universidades de Latinoamérica. 
649 |a XX 
650 |a Educadores Latinoamericanos -  |x Directorios -  |x Tema Principal 
650 |a América -  |x Historia -  |x Estudio y Enseñanza 
650 |a Universidades -  |z Latinoamérica 
650 |a Educación Superior -  |z Latinoamérica 
650 |a Educación -  |z Latinoamérica 
650 |a América -  |x Historia 
910 |a Fondo Salvador Reynoso Reynoso 
920 |a Impresos - Libros 
930 |a Fondos Especiales 
905 |a 112 
901 |a 0800012214  |b IT2  |c ESP  |u 20250521 
901 |a 0800012340  |b IT2  |c ESP  |u 20250521 
902 |a https://opac.biblio.iteso.mx/vufind/Record/000131834